The Britannica guide to baseball / (Record no. 2413)

MARC details
000 -LEADER
fixed length control field 00503nam a22001697a 4500
003 - CONTROL NUMBER IDENTIFIER
control field OSt
005 - DATE AND TIME OF LATEST TRANSACTION
control field 20260424071842.0
008 - FIXED-LENGTH DATA ELEMENTS--GENERAL INFORMATION
fixed length control field 240719b |||||||| |||| 00| 0 eng d
020 ## - INTERNATIONAL STANDARD BOOK NUMBER
International Standard Book Number 978-1-61530-521-6
040 ## - CATALOGING SOURCE
Original cataloging agency DWC- Main Lib
Transcribing agency OC
082 ## - DEWEY DECIMAL CLASSIFICATION NUMBER
Classification number Circ. 796.357 B75 2012
245 ## - TITLE STATEMENT
Title The Britannica guide to baseball /
260 ## - PUBLICATION, DISTRIBUTION, ETC.
Place of publication, distribution, etc. NY:
Name of publisher, distributor, etc. Britannica Education Publishing,
Date of publication, distribution, etc. c2011.
300 ## - PHYSICAL DESCRIPTION
Extent xvii, 269 pages:
Other physical details color illustrations ;
Dimensions 24cm.
490 ## - SERIES STATEMENT
Series statement (History series).
942 ## - ADDED ENTRY ELEMENTS (KOHA)
Source of classification or shelving scheme Dewey Decimal Classification
Koha item type Book Circulation
Suppress in OPAC Yes
952 ## - LOCATION AND ITEM INFORMATION (KOHA)
--
Holdings
Withdrawn status Lost status Source of classification or shelving scheme Damaged status Not for loan Home library Current library Date acquired Source of acquisition Total Checkouts Full call number Barcode Date last seen Copy number Price effective from Koha item type Uniform Resource Identifier
    Dewey Decimal Classification     College Library College Library 09/25/2019 School Fund   Circ. 796.357 B75 2012 CL52141 07/19/2024 c1 07/19/2024 BK-CIRC